Los dominios perdidos
Saved in:
| Hovedforfatter: | |
|---|---|
| Format: | Bog |
| Sprog: | spansk |
| Udgivet: |
Santiago
Fondo de Cultura Económica
1992
|
| Udgivelse: | 1a. ed |
| Serier: | Colección Tierra Firme. Poetas Chilenos
|
| Fag: | |
| Tags: |
Tilføj Tag
Ingen Tags, Vær først til at tagge denne postø!
|
MARC
| LEADER | 00000nam a2200000 a 4500 | ||
|---|---|---|---|
| 001 | UCL6936 | ||
| 003 | CL-VaPUC | ||
| 008 | 040423e19920000CL |||||||||||||||||spa|d | ||
| 020 | |a 9567083061 | ||
| 082 | 0 | 4 | |a Ch861 |b TEI |2 21 |
| 100 | |a Teillier, Jorge, |d 1935-1996 |e author |9 326721 | ||
| 245 | 1 | 4 | |a Los dominios perdidos |
| 250 | |a 1a. ed | ||
| 300 | |a 180 p | ||
| 942 | |c BK | ||
| 945 | |d 20040423 00:00:00 |a cmena | ||
| 260 | |a Santiago |b Fondo de Cultura Económica |c 1992 | ||
| 650 | 0 | |a Poesías chilenas |9 265280 | |
| 650 | 0 | |a Literatura chilena |9 308278 | |
| 583 | |a last modification |c 20040423 00:00:00 |k Rodrigo Vera | ||
| 490 | 0 | |a Colección Tierra Firme. Poetas Chilenos | |
| 999 | |c 308813 |d 308811 | ||
| 952 | |0 0 |1 0 |4 0 |6 CH_861_000000000000000_TEI_1992 |7 0 |8 A |9 375679 |a BIBEDU |b BIBEDU |c ES_NOD |d 2019-11-21 |i 4005228 |l 3 |o Ch861 TEI 1992 |p 4005228 |r 2023-11-03 |s 2023-11-03 |w 2019-11-21 |y BK |k LIT | ||